000 00211nam a22000857a 4500
008 160823b xxu||||| |||| 00| 0 eng d
100 _9219
_aBatra A
245 _aHindi Grammar
260 _aNew Delhi
_bAnanda publication
999 _c2876
_d2876